Missing Word: Rabbits, Rats and Mice Movies Quiz Stats

Quiz Updated Oct 19, 2016

Challenge
Share
Tweet
Embed
Score 0/16 Timer 02:00
0 Plays Today
Film Title Missing Word % Correct
________ in WonderlandAlice
97.9%
Charlotte's ________Web
97.5%
Stuart ________Little
97.1%
Monty Python and the Holy ________Grail
93.8%
Who ________ Roger RabbitFramed
90%
The ________ Guide to the GalaxyHitchhiker's
80.4%
________ DarkoDonnie
78.3%
The ________ of DespereauxTale
74.8%
Film Title Missing Word % Correct
Watership ________Down
72.5%
An ________ Tail: Fievel Goes WestAmerican
72.3%
Flushed ________Away
62.2%
The Great Mouse ________Detective
57.6%
________ of the SouthSong
52.7%
Wallace and Gromit: The ________ of the Were-RabbitCurse
46.9%
The ________ of NIMHSecret
45.2%
________ HuntMouse
39.5%

Today's Daily Dose

Missing Word
For Dummies Books

Word Ladder
Ariana Grande

Quick Pick
1970s Authors

On This Day
June 21st II

You're not logged in!

Compare scores with friends on all Sporcle quizzes.
Join for Free
OR
Log In

You Might Also Like...

Show Comments

Extras

Top Quizzes Today


Score Distribution

Your Account Isn't Verified!

In order to create a playlist on Sporcle, you need to verify the email address you used during registration. Go to your Sporcle Settings to finish the process.

Report this User

Report this user for behavior that violates our Community Guidelines.

Details: